00478nam a2200157Ia 450000500170000000800410001708200130005810000160007124500270008726000410011430000120015550000330016794200060020095200990020699900150030520250320143158.0240331s9999 xx 000 0 und d bNUHa894 aNuhman, M.A 0aThathamarum perarkalum aKalmunaibReader's Associationc1977 a72 p ., aA Collection of Longer Poems cL 001040708LaWERCLbWERCLcSSCd2024-03-31l0o 894.811 NUHp2370r2024-03-31w2024-03-31yL c4064d4064